[Event "Olympiad Women-44"]
[Site "Chennai"]
[Date "2022.08.05"]
[Round "7.4"]
[White "Reifer Belle, Chanon"]
[Black "Alvarado Perez, Coralys M"]
[Result "1/2-1/2"]
[WhiteElo "1213"]
[BlackElo "1471"]
[PlyCount "116"]
[EventDate "2022.07.29"]
[EventType "team-swiss"]
[EventRounds "11"]
[EventCountry "IND"]
[SourceTitle "CBM 210"]
[Source "ChessBase"]
[SourceDate "2022.10.31"]
[SourceVersion "1"]
[SourceVersionDate "2022.10.31"]
[SourceQuality "1"]
[WhiteTeam "Barbados (W)"]
[BlackTeam "Puerto Rico (W)"]
[WhiteTeamCountry "BAR"]
[BlackTeamCountry "PUR"]

1. e4 g6 2. d4 Bg7 3. Nc3 c5 4. dxc5 Bxc3+ 5. bxc3 Qa5 6. Qd4 Nf6 7. Bd2 Nc6 8. Qe3 Qc7 9. h3 b6 10. Bd3 Ne5 11. cxb6 axb6 12. Nf3 Nc4 13. Qf4 d6 14. 0-0 Nxd2 15. Qxd2 0-0 16. Rfe1 Be6 17. a4 Rfc8 18. Ra3 Qc5 19. Qc1 Bd7 20. Qa1 b5 21. a5 b4 22. cxb4 Qxb4 23. e5 Nd5 24. Re4 Qb8 25. c4 Nc7 26. exd6 exd6 27. Re7 Be6 28. Ng5 Qb4 29. Nxe6 Nxe6 30. Be4 d5 31. cxd5 Qxe7 32. dxe6 Ra7 33. exf7+ Qxf7 34. Qd4 Rd7 35. Qe3 Rd1+ 36. Kh2 Qc7+ 37. g3 Qc4 38. Qb3 Qxb3 39. Rxb3 Ra1 40. Rb5 Rc7 41. Bb7 Rxb7 42. Rxb7 Rxa5 43. Kg2 Rf5 44. f4 g5 45. Kf3 gxf4 46. gxf4 Rf7 47. Rxf7 Kxf7 48. Ke4 Ke6 49. f5+ Kf6 50. h4 Kf7 51. Ke5 Ke7 52. f6+ Kf8 53. Ke6 Ke8 54. f7+ Kf8 55. Kf6 h6 56. Kg6 h5 57. Kxh5 Kxf7 58. Kh6 Kg8 1/2-1/2

[Event "Pan American-ch Hybrid U12 Girls 31st"]
[Site "Tornelo INT"]
[Date "2021.09.04"]
[Round "7"]
[White "Ramazzotte, Esther Zilli"]
[Black "Reifer Belle, Chanon"]
[Result "1-0"]
[WhiteElo "1277"]
[BlackElo "1073"]
[PlyCount "71"]
[EventDate "2021.09.04"]
[EventType "swiss"]
[EventRounds "9"]
[EventCountry "NET"]
[SourceTitle "EXT 2023"]
[Source "ChessBase"]
[SourceDate "2022.10.05"]
[SourceVersion "1"]
[SourceVersionDate "2022.10.05"]
[SourceQuality "1"]

1. d4 d5 2. c4 e6 3. Nf3 Nf6 4. Bg5 Be7 5. e3 0-0 6. Nc3 Nbd7 7. cxd5 exd5 8. Bd3 c6 9. 0-0 Ne4 10. Bxe7 Qxe7 11. Qc2 Re8 12. Rfe1 Ndf6 13. Ne5 Nxc3 14. bxc3 c5 15. Rab1 b6 16. Bb5 Bd7 17. Nxd7 Nxd7 18. Qf5 Red8 19. Bc6 Rac8 20. Bxd5 Nf6 21. Bf3 cxd4 22. cxd4 Rb8 23. Rec1 Qe6 24. Qxe6 fxe6 25. Rc7 a5 26. Rc6 Kf7 27. Rcxb6 Rxb6 28. Rxb6 Rc8 29. g3 Rc2 30. a4 Ra2 31. Bc6 Ra1+ 32. Kg2 Ra2 33. Rb7+ Kg6 34. h3 Rc2 35. Bb5 Kh6 36. Rb6 1-0